| 000 | 00893nam a22003017a 4500 | ||
|---|---|---|---|
| 003 | CHAP | ||
| 005 | 20220329140955.0 | ||
| 008 | 971013s1951 r 00010 d | ||
| 010 | _a60740 | ||
| 011 | _a61712 | ||
| 035 | _a65880 | ||
| 040 | _cCHAP | ||
| 082 |
_a428.6 _bP5 1951 |
||
| 100 | 0 | 0 |
_aPicazo de Murray, Elena. _987949 |
| 245 | _aInglés elemental | ||
| 260 |
_aMéxico, D.F., _c1951 |
||
| 300 |
_a3 v. _b: ilus. |
||
| 500 | _aLa biblioteca tiene: v.1 | ||
| 590 |
_aBATCH-UPD _b10 _c20130110 _lUCH01 _h0232 |
||
| 590 |
_aBATCH-UPD _b10 _c20130409 _lUCH01 _h2256 |
||
| 590 |
_aBATCH-UPD _b10 _c20130914 _lUCH01 _h1642 |
||
| 590 |
_aCONVERSION _b10 _c20130109 _lUCH01 _h1333 |
||
| 650 | 1 | 4 |
_aInglés _xLibros para extranjeros. _958343 |
| 700 | 0 |
_aMurray, Paul V. _979829 |
|
| 901 | _aBK | ||
| 942 | _cLIBRO | ||
| 949 |
_a428.6 P5 1951 _bBC _cLIBRO _d33724000434759 _eLIBRO _h12207 _i65880 _si |
||
| 999 |
_c60740 _d60740 |
||